[Event "HUN-chT2 Toth 0910"]
[Site "Hungary"]
[Date "2009.11.22"]
[Round "2.10"]
[White "Lovass, Peter"]
[Black "Erdos, Attila"]
[Result "1/2-1/2"]
[WhiteElo "1724"]
[BlackElo "1862"]
[PlyCount "63"]
[EventDate "2009.11.08"]
[EventType "team-tourn"]
[EventRounds "11"]
[EventCountry "HUN"]
[SourceTitle "EXT 2011"]
[Source "ChessBase"]
[SourceDate "2010.11.26"]
[SourceVersion "1"]
[SourceVersionDate "2010.11.26"]
[SourceQuality "1"]
[WhiteTeam "Nadudvar"]
[BlackTeam "Mako II"]
[WhiteTeamCountry "HUN"]
[BlackTeamCountry "HUN"]

1. e4 e6 2. d4 d5 3. exd5 exd5 4. Nf3 Nc6 5. Bf4 Bd6 6. Be3 Bg4 7. h3 Bh5 8. Nbd2 Nge7 9. Bb5 0-0 10. Bxc6 bxc6 11. 0-0 Nf5 12. Re1 Nxe3 13. Rxe3 Qd7 14. Qf1 Rab8 15. b3 Bg6 16. c4 Rfe8 17. Rae1 f6 18. R1e2 Bb4 19. Qd1 Bh5 20. c5 Bxd2 21. Qxd2 Bxf3 22. Rxf3 Rxe2 23. Qxe2 Re8 24. Re3 Rxe3 25. Qxe3 Kf7 26. Kf1 Qf5 27. Qd2 Qb1+ 28. Ke2 Qe4+ 29. Kf1 g6 30. f3 Qb1+ 31. Kf2 h5 32. Qe2 1/2-1/2